Statistics for TwoSet Violin Quiz

Click here to take the quiz!

General Stats

  • This quiz has been taken 606 times
    (200 since last reset)
  • The average score is 14 of 18

Answer Stats

Hint Answer % Correct
What are the names of the duo? (ONLY PUT THE FIRST NAMES)Eddy Chen
98%
What are the names of the duo? (ONLY PUT THE FIRST NAMES)Brett Yang
98%
How many hours does the person above supposedly practice?{40} Hours
96%
What is the name of the somewhat supernatural human being that represents a perfect violinist?Ling Ling
95%
What instrument do they always make fun of?Viola
95%
What country are they from?Australia
94%
When Alma Deutscher played a B♭, what was the actual note she was supposed to play?B♮
94%
What is the game they regularly play where someone has to act out something using only the violin?Violin {Charades}
88%
What did violinist Ben Lee quote that has become a staple meme of the channel?If you can play it slowly, then you can play it {quickly}.
80%
Who are the three violinists that have been featured in the Ling Ling Workout?Hilary Hahn
77%
What is the name of the game where they do different challenges on the violin with songs?Ling Ling {Workout}
76%
What is the name of the violinist that is made fun of by the duo that can supposedly play "Flight of the Bumblebee" in 15 notes per second?Ben Lee
75%
What social media platform does TwoSet allow their fans to use to post memes for them to review?Reddit
74%
What is the catchphrase of Alma Deutscher (the prodigy) that has become a staple meme of the channel?INTERESTING
70%
Who are the three violinists that have been featured in the Ling Ling Workout?Ray Chen
67%
What song did the duo parody with the title, "Viola Gang?"Gucci Gang
52%
What is the name of the other violinist that is made fun of by the duo that can supposedly play "Flight of the Bumblebee" in 22 notes per second?Vov Dylan
48%
Who are the three violinists that have been featured in the Ling Ling Workout?Ziyu He
36%

Score Distribution

Percentile by Number Answered

Percent of People with Each Score

Your Score History

You have not taken this quiz since the last reset